| 000 | 00499nam a2200181Ia 4500 | ||
|---|---|---|---|
| 003 | GCL | ||
| 008 | 140319s9999 xx 000 0 eng d | ||
| 040 |
_aGCL / _cGCL |
||
| 082 | 0 | 4 |
_a821 _bH W |
| 100 | 1 | _aHUTCHINSON, THOMAS | |
| 245 | 1 | 0 |
_aWORDSWORTH: POETICAL WORKS WITH INTRODUCTIONS AND NOTES / _cHUTCHINSON, THOMAS |
| 260 |
_a[S.N] : _bOXFORD UNIVERSITY PRESS ، _c1988 |
||
| 300 | _a778 P | ||
| 650 | 0 | 4 | _aLITERATURE |
| 650 | 0 | 4 | _aPOETRY |
| 650 | 0 | 4 | _aWORDSWORTH, WILLIAM |
| 942 |
_2ddc _cBK |
||
| 999 |
_c25235 _d25235 |
||